[Event "PHI-ch U12"]
[Site "San Antonio"]
[Date "2014.04.24"]
[Round "6"]
[White "Caalim, Hadji Ray"]
[Black "Comendador, Marc Jason"]
[Result "0-1"]
[WhiteElo "1757"]
[BlackElo "1797"]
[PlyCount "82"]
[EventDate "2014.04.21"]
[EventType "swiss"]
[EventRounds "13"]
[EventCountry "PHI"]
[SourceTitle "CBM 160 Extra"]
[Source "ChessBase"]
[SourceDate "2014.07.01"]
[SourceVersion "1"]
[SourceVersionDate "2014.07.01"]
[SourceQuality "1"]

1. e4 e5 2. Nf3 d6 3. Bc4 Be7 4. Nc3 Bg4 5. Be2 Nf6 6. d3 h6 7. h3 Be6 8. d4 exd4 9. Qxd4 0-0 10. a3 Nc6 11. Qd1 a6 12. Be3 Nd7 13. 0-0 f5 14. Nd4 Nxd4 15. Bxd4 f4 16. Bf3 c5 17. Bxg7 Kxg7 18. e5 Nxe5 19. Bxb7 Ra7 20. Bf3 Rd7 21. Nd5 Nxf3+ 22. Qxf3 Bxd5 23. Qxd5 Bf6 24. c3 Be5 25. Rad1 Qg5 26. f3 Re7 27. c4 Rfe8 28. b3 Bd4+ 29. Rxd4 cxd4 30. Qxd4+ Qe5 31. Qd1 Qc5+ 32. Kh1 Re2 33. Qa1+ Qe5 34. Qxe5+ R8xe5 35. Kh2 Re1 36. Rf2 R5e2 37. Rxe2 Rxe2 38. b4 Ra2 39. c5 dxc5 40. bxc5 Rxa3 41. c6 Rc3 0-1

[Event "PHI-ch U12"]
[Site "San Antonio"]
[Date "2014.04.22"]
[Round "2"]
[White "Caalim, Hadji Ray"]
[Black "Pepito, Jeremy"]
[Result "0-1"]
[WhiteElo "1757"]
[BlackElo "1907"]
[PlyCount "72"]
[EventDate "2014.04.21"]
[EventType "swiss"]
[EventRounds "13"]
[EventCountry "PHI"]
[SourceTitle "CBM 160 Extra"]
[Source "ChessBase"]
[SourceDate "2014.07.01"]
[SourceVersion "1"]
[SourceVersionDate "2014.07.01"]
[SourceQuality "1"]

1. e4 e6 2. d4 d5 3. Nd2 Nf6 4. e5 Nfd7 5. Bd3 c5 6. c3 Nc6 7. Ne2 cxd4 8. cxd4 Nb4 9. Nf3 Nxd3+ 10. Qxd3 Bb4+ 11. Bd2 Bxd2+ 12. Qxd2 a5 13. a4 b6 14. Rc1 Ba6 15. 0-0 0-0 16. Rfe1 Rc8 17. Nf4 Nb8 18. Rxc8 Qxc8 19. Nh5 Qd8 20. Rc1 Qe7 21. Qf4 Bd3 22. Kh1 Bg6 23. g4 Be4 24. Rc3 Qb7 25. Qg5 Bg6 26. Qc1 Na6 27. Qd2 Nb4 28. h4 h6 29. Qf4 Nd3 30. Rxd3 Bxd3 31. g5 Bg6 32. Nf6+ gxf6 33. exf6 h5 34. Ne5 Rc8 35. Nxg6 fxg6 36. Kg2 Qc7 0-1

[Event "PHI-ch U12"]
[Site "San Antonio"]
[Date "2014.04.21"]
[Round "1"]
[White "Paler, Emanuel Van R"]
[Black "Caalim, Hadji Ray"]
[Result "1-0"]
[WhiteElo "1984"]
[BlackElo "1757"]
[PlyCount "125"]
[EventDate "2014.04.21"]
[EventType "swiss"]
[EventRounds "13"]
[EventCountry "PHI"]
[SourceTitle "CBM 160 Extra"]
[Source "ChessBase"]
[SourceDate "2014.07.01"]
[SourceVersion "1"]
[SourceVersionDate "2014.07.01"]
[SourceQuality "1"]

1. d4 d5 2. c4 c6 3. Nf3 Nf6 4. Nc3 Bf5 5. cxd5 Nxd5 6. a3 e6 7. e3 Nd7 8. Be2 N7f6 9. h3 Qa5 10. Bd2 Qb6 11. Na4 Qc7 12. Nh4 Bg6 13. Nc3 Bd6 14. Bf3 0-0 15. Nxg6 hxg6 16. e4 Nxc3 17. bxc3 Bf4 18. e5 Bxd2+ 19. Qxd2 Nd5 20. 0-0 Rfd8 21. Be4 c5 22. Rfc1 Rac8 23. Qb2 b6 24. Rc2 c4 25. Bxd5 Rxd5 26. f4 a6 27. a4 a5 28. Rb1 Rb8 29. Kf2 Kf8 30. Ke3 Qc6 31. Qa3+ Ke8 32. Rcb2 Rd7 33. Qa2 Rdb7 34. Rb5 Kd7 35. Qb2 Ke8 36. Qd2 Rd8 37. Qb2 Rdb8 38. Qd2 Rd8 39. Rd1 Rbd7 40. Qb2 Rb7 41. Qc2 Ke7 42. Qe4 Rd5 43. Rdb1 Kd7 44. g4 Ke7 45. f5 Kd7 46. fxg6 Rxb5 47. Rxb5 Qxe4+ 48. Kxe4 fxg6 49. d5 g5 50. Kd4 exd5 51. Kxd5 Ke7 52. Kxc4 Ke6 53. Kd4 Rd7+ 54. Ke4 Rb7 55. c4 Rc7 56. Rxb6+ Kf7 57. Kd5 Rd7+ 58. Rd6 Rc7 59. c5 Ke7 60. e6 g6 61. c6 Rc8 62. Rd7+ Ke8 63. Kd6 1-0